000 00326nam a2200145Ia 4500
100 _aKhan/M.Y/ Jain/P.K
250 _a4
942 _cBK
366 _f15
654 _amanagement
245 _aManagement Accounting:Text
260 _bTata Mc Graw hill
_aNew Delhi
_c2007
082 _a658.1511/KHA
_bKHA
546 _aENGLISH
999 _c30526
_d30526